| 000 | 01025nam a2200229 i 4500 | ||
|---|---|---|---|
| 001 | 151376 | ||
| 003 | ES-MaACL | ||
| 005 | 20230906204003.0 | ||
| 008 | 990712s1740 fr |||| | fre d | ||
| 040 |
_aCCPB | B _bspa _cCCPB | B |
||
| 110 | 2 |
_aAcadémie des inscriptions et belles-lettres (Francia) _91230 |
|
| 245 | 1 | 0 |
_aTable des matiéres, contenues dans les dix premiers volumes de l´histoire et des memoires de l´Académie Royale des Inscriptions et Belles-Lettres _b: Tome Onziéme. |
| 260 |
_aA Paris : _bde l´Imprimerie Royale, _c1740. |
||
| 300 |
_a[2], 776 p. ; _c25 cm. |
||
| 597 | _aSign.: []1, A-Z4, 2A-2Z4, 3A-3Z4, 4A-4Z4, 5A-5E4. | ||
| 597 | _aPort. con grab. xil. | ||
| 597 | _aTexto a dos col. | ||
| 599 | _aViñeta xil. en r. de A1. | ||
| 610 | 2 |
_aAcadémie des inscriptions et belles-lettres (Francia) _91230 |
|
| 610 | 2 |
_aAcadémie des inscriptions et belles-lettres (Francia)- _xHistoria. _9134090 |
|
| 852 |
_aES-MaACL _jR-1298-1343 _z-- Enc. piel con super-libris dorado con león rampante |
||
| 999 |
_c151376 _d151376 |
||